000
00380cam a2200169ua 4500
020
_c
Rs. 16.00
041
_a
eng
_h
082
_a
620
_b
RYA/EN
100
_a
Ryam, Paul W S .
245
_a
Engineering administration
260
_a
:
_b
Angus and rebertein ,
_c
1959.
300
_a
78 ; .
365
_a
Rs. 16.00
504
_a
942
_c
BK
999
_c
1555
_d
1555